|
|
|
|
| LEADER |
00557cam a2200157 7i4500 |
| 001 |
0000033073 |
| 005 |
20160114090000.0 |
| 020 |
0 |
0 |
|a 9781464806759
|
| 090 |
0 |
0 |
|a I 330.9172
|b GLO
|
| 245 |
0 |
0 |
|a Global economic prospects :
|b spillovers amid weak growth.
|
| 260 |
0 |
0 |
|a Washington D.C:
|b The World Bank,
|c 2016.
|
| 300 |
# |
# |
|a 261 pages.
|
| 650 |
0 |
0 |
|a Developing countries --
|x Economic conditions
|
| 650 |
0 |
0 |
|a Economic forecasting --
|x Developing countries
|
| 650 |
0 |
0 |
|a International economic conditions
|
| 999 |
|
|
|a 0000037272
|b Book
|c International
|e Business Information Centre
|